| 000 | 00721nam a2200217Ia 4500 | ||
|---|---|---|---|
| 001 | 3108 | ||
| 003 | GE_BSU | ||
| 008 | 181216s||||||||xx |||||||||||||| ||und|| | ||
| 040 | _cGE_BSU | ||
| 080 | _a66(075.8) | ||
| 100 | _aМухленов,И.Г. Кузнецов,Д.А. А.Я.Авербух и др. | ||
| 245 | _aОбщая химическая технология. | ||
| 245 | _bУчебник. | ||
| 245 | _cПод ред. И.П.Мухленова. Ред. Т.П.Федорова. | ||
| 250 | _aВторое изд., переработанное и дополненное. | ||
| 260 | _aМ. | ||
| 260 | _bВысшая школа. | ||
| 260 | _c1970. | ||
| 300 | _a600 стр. 22см. с илл. | ||
| 942 | _cBK | ||
| 999 |
_c37152 _d37152 |
||